000 00369nam a2200145Ia 4500
008 230312s9999||||xx |||||||||||||| ||und||
020 _a0471170011
082 _a005.16
_bPIG-P
100 _aEverest,F.Alton
245 4 _aThe master handbook of acoustics
260 _bWiley
_aUSA
_c1997
300 _a384
650 _aComputer
_vSoftwares (manutenção)
942 _cBK
999 _c18288
_d18288